000 00678nam a2200217 ar4500
001 3658
005 20221127090802.0
008 140114s xxu 00110 eng d
020 _a0060521589(pbk)
082 0 4 _a658.11
_bF914 2003
100 1 _aFriedman, Caitlin.
245 1 0 _aGirl's guide to starting your own business :
_bcandid advice, frank talk ... /
_cC. Friedman, Kimberly Yorio.
250 _a1st ed.
260 _aNew York :
_bHarper Resource,
_c2003.
300 _aix, 257 p. ;
_c20 cm.
500 _aIncludes idnex.
650 4 _aBusinesswomen.
650 4 _aExecutives
_zUnited States.
650 4 _aPersonnel management.
700 0 _aYorio, Kimberly,
_ejt. auth.
999 _c3656
_d3656